000 00378nam a2200133Ia 4500
008 220216s9999 xx 000 0 und d
100 _aGeorge C M
245 0 _aCauses and remedies for sickness of small scale units producing rubber products in Kerala
260 _bRubber Board Bulletin
_c1986
300 _a18
650 _aKerala
650 _aRubber industry
942 _cJS
999 _c55236
_d55236